00480nam a22001937i 4500999001500000001000500015003000400020005001700024007000300041008004100044024001400085024002000099040000800119110007800127245004600205260001700251300001100268942000700279 c3152d31523199OSt20180618103054.0tu161220s1981 au ||||| |||| 00| 0 ger d7 a31982RID7 a31992RSN (alt) cOSt2 aWiener Institut für Internationale Wirtschaftsvergleiche (wiiw)eEd.9300aDer österreichische Osthandel in Zahlen aWien,c1981. a116 S. cST